00287 a2200109 4500001000700000020000600007040001100013100002300024240006300047245005800110362000900168169560 a  cMagnum aSchwartz, Bertrand10aA educacao, amanha: um projeto de educacao permanentelpor10aA educacao, amanha: um projeto de educacao permanente0 a1899